<?xml version="1.0" encoding="UTF-8"?><?xml-stylesheet type="text/xsl" href="static/style.xsl"?><OAI-PMH xmlns="http://www.openarchives.org/OAI/2.0/" xmlns:xsi="http://www.w3.org/2001/XMLSchema-instance" xsi:schemaLocation="http://www.openarchives.org/OAI/2.0/ http://www.openarchives.org/OAI/2.0/OAI-PMH.xsd"><responseDate>2026-04-17T07:59:47Z</responseDate><request verb="GetRecord" identifier="oai:www.recercat.cat:10256/12851" metadataPrefix="marc">https://recercat.cat/oai/request</request><GetRecord><record><header><identifier>oai:recercat.cat:10256/12851</identifier><datestamp>2024-05-22T11:09:41Z</datestamp><setSpec>com_2072_452966</setSpec><setSpec>com_2072_2054</setSpec><setSpec>col_2072_452968</setSpec></header><metadata><record xmlns="http://www.loc.gov/MARC21/slim" xmlns:dcterms="http://purl.org/dc/terms/" xmlns:xsi="http://www.w3.org/2001/XMLSchema-instance" xmlns:doc="http://www.lyncode.com/xoai" xsi:schemaLocation="http://www.loc.gov/MARC21/slim http://www.loc.gov/standards/marcxml/schema/MARC21slim.xsd">
   <leader>00925njm 22002777a 4500</leader>
   <datafield ind2=" " ind1=" " tag="042">
      <subfield code="a">dc</subfield>
   </datafield>
   <datafield ind2=" " ind1=" " tag="720">
      <subfield code="a">Hornillos Brugat, Sandra</subfield>
      <subfield code="e">author</subfield>
   </datafield>
   <datafield ind2=" " ind1=" " tag="260">
      <subfield code="c">2015</subfield>
   </datafield>
   <datafield ind2=" " ind1=" " tag="520">
      <subfield code="a">BACKGROUND:&#xd;
Surgical staging of the endometrial cancer includes lymphadenectomy. Lymphadenectomy is associated with high earlier morbidity. Though, there is still an inability to predict which patients have lymph nodes affected and would benefit from lymphadenectomy, it continues to be the only accurate way to provide the lymphatic status of the disease, prognosis and the needing of adjuvant treatment to the patient. Sentinel lymph node mapping is a promising technique to validate and apply in the routine performance to avoid the lymphadenectomy to the patients that do not need it.&#xd;
 AIM:&#xd;
 The goal of the study is to evaluate the validation of the selective sentinel lymph node biopsy technique in endometrial cancer in Hospital Universitari Dr. Josep Trueta of Girona, including sensitivity, specificity and negative predictive value.&#xd;
 METHODS:&#xd;
 A cross-sectional design carried out within Gynaecology Oncologic Unit at Hospital Universitari Dr. Josep Trueta in Girona, in a period of time of three years and four months.&#xd;
 PARTICIPANTS:&#xd;
 A total of 95 patients with EC diagnosis will be included in the study</subfield>
   </datafield>
   <datafield ind1="8" ind2=" " tag="024">
      <subfield code="a">http://hdl.handle.net/10256/12851</subfield>
   </datafield>
   <datafield tag="653" ind2=" " ind1=" ">
      <subfield code="a">Endometri -- Càncer</subfield>
   </datafield>
   <datafield tag="653" ind2=" " ind1=" ">
      <subfield code="a">Endometrium -- Cancer</subfield>
   </datafield>
   <datafield tag="653" ind2=" " ind1=" ">
      <subfield code="a">Nodes limfàtics -- Biòpsia</subfield>
   </datafield>
   <datafield tag="653" ind2=" " ind1=" ">
      <subfield code="a">Lymph nodes -- Biopsy</subfield>
   </datafield>
   <datafield ind2="0" ind1="0" tag="245">
      <subfield code="a">Sentinel lymph node in endometrial cancer: validation of the selective sentinel lymph node biopsy technique</subfield>
   </datafield>
</record></metadata></record></GetRecord></OAI-PMH>